[Event "Victoria op"]
[Site "Victoria"]
[Date "2019.01.19"]
[Round "2.6"]
[White "Afshar, Amir"]
[Black "James, Rowan"]
[Result "0-1"]
[WhiteElo "1508"]
[BlackElo "1917"]
[PlyCount "74"]
[EventDate "2019.01.18"]
[EventType "swiss"]
[EventRounds "5"]
[EventCountry "CAN"]
[SourceTitle "EXT 2022"]
[Source "ChessBase"]
[SourceDate "2021.10.06"]
[SourceVersion "1"]
[SourceVersionDate "2021.10.06"]
[SourceQuality "1"]

1. e4 e5 2. Nf3 Nc6 3. Bb5 a6 4. Ba4 Nf6 5. 0-0 Be7 6. Re1 b5 7. Bb3 0-0 8. a4 b4 9. c4 d6 10. h3 Na5 11. d4 Nd7 12. Be3 exd4 13. Nxd4 Bf6 14. Qc2 Nc5 15. Nd2 Re8 16. Ba2 Bd7 17. b3 Nc6 18. Nxc6 Bxc6 19. Bxc5 Bxa1 20. Bxb4 Bd4 21. Nf3 Qf6 22. Bb1 Be5 23. Nxe5 dxe5 24. Bc3 Rad8 25. b4 Bd7 26. Rd1 Qc6 27. Ba2 Qxa4 28. Qxa4 Bxa4 29. Rxd8 Rxd8 30. Bxe5 Rd2 31. Bxc7 Rxa2 32. c5 Bc6 33. f3 Kf8 34. Kf1 Ke8 35. Be5 g6 36. g4 Ra4 37. Bd6 Rxb4 0-1

[Event "Victoria Taylor Memorial"]
[Site "Victoria"]
[Date "2018.10.26"]
[Round "1"]
[White "Afshar, Amir"]
[Black "McLaren, Brian"]
[Result "0-1"]
[WhiteElo "1681"]
[BlackElo "2195"]
[PlyCount "50"]
[EventDate "2018.10.26"]
[EventType "swiss"]
[EventRounds "5"]
[EventCountry "CAN"]
[SourceTitle "EXT 2022"]
[Source "ChessBase"]
[SourceDate "2021.10.06"]
[SourceVersion "1"]
[SourceVersionDate "2021.10.06"]
[SourceQuality "1"]

1. e4 Nf6 2. e5 Nd5 3. c4 Nb6 4. d4 d6 5. Nf3 Bg4 6. exd6 exd6 7. Nbd2 Be7 8. Be2 c6 9. b3 0-0 10. 0-0 d5 11. Ne5 Bxe2 12. Qxe2 dxc4 13. Bb2 cxb3 14. axb3 N8d7 15. Ndf3 Re8 16. Qc2 Bf6 17. Ng4 Nd5 18. Rfd1 a6 19. Nxf6+ Qxf6 20. Ne5 Nf8 21. Ba3 Ne6 22. Rd3 Nxd4 23. Rxd4 Qxe5 24. Qd2 Nf4 25. Kf1 Ne6 0-1